Zrušenie a likvidácia obchodnej spoločnosti z právneho, daňového a účtovného hľadiska

Dôvody pre likvidáciu spoločnosti. Zrušenie a likvidácia obchodnej spoločnosti. Vstup spoločnosti do likvidácie. Likvidátor spoločnosti. Zánik funkcie likvidátora. Odvolanie likvidátora. Účtovný a daňový pohľad na likvidáciu obchodnej spoločnosti.

Salvato in:
Dettagli Bibliografici
Autore principale: Kolembus, Anton
Natura: Capitolo di libro
Lingua:slovacco
Soggetti:
Tags: Aggiungi Tag
Nessun Tag, puoi essere il primo ad aggiungerne!!

MARC

LEADER 00000naa a2200000 4500
001 0199903
005 20231120104425.2
041 0 |a slo 
044 |a SK 
245 1 0 |a Zrušenie a likvidácia obchodnej spoločnosti z právneho, daňového a účtovného hľadiska  |c Anton Kolembus 
520 |a Dôvody pre likvidáciu spoločnosti. Zrušenie a likvidácia obchodnej spoločnosti. Vstup spoločnosti do likvidácie. Likvidátor spoločnosti. Zánik funkcie likvidátora. Odvolanie likvidátora. Účtovný a daňový pohľad na likvidáciu obchodnej spoločnosti. 
610 2 0 |a spoločnosti obchodné 
610 2 0 |a zrušenie podniku 
610 2 0 |a likvidácia 
610 2 0 |a likvidátori 
610 2 0 |a účtovníctvo 
610 2 0 |a dane 
100 1 |a Kolembus, Anton